000 01143nam a2200301Ia 4500
001 A9266
003 IT-RoPAU
008 130308s9999 xx 000 0 und d
040 _aIT-RoPAU
040 _cIT-RoPAU
041 _aITALIANO
100 _aDe Carlo Giancarlo
100 _gCodice Aut. SPICS: 36660
245 _aForme e contenuti della partecipazione alla elaborazione e a controllo dei programmi edilizi
245 _bAnnuario 1978: Eventi del 1976-77
250 _a1a ed.
260 _aVENEZIA
260 _bLa Biennale
260 _c1979 [1° Ed.:1979 - Ed.Ling.Originale:1976]
300 _a"9 p. (prefazione: no ; testo: 9 [pagine: 1171-1179])"
500 _aDefinizioni della Partecipazione. Presunti Limiti al Processo di Partecipazione. partecipazione nell'Architettura. Significato e Prassi del progetto nell'architettura della Partecipazione. residenza Sovvenzionata. Chi Ha Paura dell'architettura della partecipazione con Fondati e Infondati Motivi.
650 _aMANIFESTAZIONI CINEMATOGRAFICHE
650 _eCodice materia Spics: 6815
942 _cBK
957 _71
999 _c56580
_d56580
999 _bSI
999 _g1